00313nam a2200109Ia 4500008004000000082001600040100002500056245002100081260006300102300000700165650003100172210210b1986 xxu||||| |||| 00| 0 eng d a417.7K VASA aVASANTA SHETTI (Bi). aShasana shastra. aBrahmavara.bInstityte af Indiyan Kalcharal Stadis.,c1986 a38 aShasanagalu, Inscriptions